000 00476nam a2200157Ia 4500
999 _c35563
_d35563
003 GCL
005 20240530102937.0
008 140319s9999 xx 000 0 ara d
040 _aGCL /
_cGCL
082 0 4 _a210.8
_bم د
100 _aمحمود محمد مزروعة
245 1 0 _aدراسات فى الدين : بحوث ممهدة لدراسة الاديان
260 _a[S.N] :
_bدار الطباعة المحمدية ،
_c1989
300 _a191 ص
942 _2ddc
_cBK